|
|
|
|
| LEADER |
02259nam a22004815i 4500 |
| 001 |
978-3-319-35146-9 |
| 003 |
DE-He213 |
| 005 |
20161006072507.0 |
| 007 |
cr nn 008mamaa |
| 008 |
161006s2017 gw | s |||| 0|eng d |
| 020 |
|
|
|a 9783319351469
|9 978-3-319-35146-9
|
| 024 |
7 |
|
|a 10.1007/978-3-319-35146-9
|2 doi
|
| 040 |
|
|
|d GrThAP
|
| 050 |
|
4 |
|a QD146-197
|
| 072 |
|
7 |
|a PNK
|2 bicssc
|
| 072 |
|
7 |
|a SCI013030
|2 bisacsh
|
| 082 |
0 |
4 |
|a 546
|2 23
|
| 245 |
1 |
4 |
|a The Chemical Bond III
|h [electronic resource] :
|b 100 years old and getting stronger /
|c edited by D. Michael P. Mingos.
|
| 250 |
|
|
|a 1st ed. 2017.
|
| 264 |
|
1 |
|a Cham :
|b Springer International Publishing :
|b Imprint: Springer,
|c 2017.
|
| 300 |
|
|
|a VII, 205 p.
|b online resource.
|
| 336 |
|
|
|a text
|b txt
|2 rdacontent
|
| 337 |
|
|
|a computer
|b c
|2 rdamedia
|
| 338 |
|
|
|a online resource
|b cr
|2 rdacarrier
|
| 347 |
|
|
|a text file
|b PDF
|2 rda
|
| 490 |
1 |
|
|a Structure and Bonding,
|x 0081-5993 ;
|v 171
|
| 520 |
|
|
|a Christopher B. Caputo and Douglas W. Stephan--Non-conventional Lewis Acids and Bases in Frustrated Lewis Pair Chemistry Andreas Phanopoulos, Nicholas J. Long, and Philip W. Miller--Triphosphine Ligands: Coordination Chemistry and Recent Catalytic Applications Robert H. Crabtree--Sigma Bonds as Ligand Donor Groups in Transition Metal Complexes Malcolm L.H. Green and Gerard Parkin--The Covalent Bond Classification Method and Its Application to Compounds That Feature 3-Center 2-Electron Bonds Ghenwa Bouhadir, Didier Bourissou--Coordination of Lewis Acids to Transition Metals:Z-Type Ligands.
|
| 650 |
|
0 |
|a Chemistry.
|
| 650 |
|
0 |
|a Inorganic chemistry.
|
| 650 |
|
0 |
|a Physical chemistry.
|
| 650 |
|
0 |
|a Chemistry, Physical and theoretical.
|
| 650 |
1 |
4 |
|a Chemistry.
|
| 650 |
2 |
4 |
|a Inorganic Chemistry.
|
| 650 |
2 |
4 |
|a Theoretical and Computational Chemistry.
|
| 650 |
2 |
4 |
|a Physical Chemistry.
|
| 700 |
1 |
|
|a Mingos, D. Michael P.
|e editor.
|
| 710 |
2 |
|
|a SpringerLink (Online service)
|
| 773 |
0 |
|
|t Springer eBooks
|
| 776 |
0 |
8 |
|i Printed edition:
|z 9783319351452
|
| 830 |
|
0 |
|a Structure and Bonding,
|x 0081-5993 ;
|v 171
|
| 856 |
4 |
0 |
|u http://dx.doi.org/10.1007/978-3-319-35146-9
|z Full Text via HEAL-Link
|
| 912 |
|
|
|a ZDB-2-CMS
|
| 950 |
|
|
|a Chemistry and Materials Science (Springer-11644)
|